| 000 | 03380cam a2200385 4500500 | ||
|---|---|---|---|
| 005 | 20260405005325.0 | ||
| 041 | _afre | ||
| 042 | _adc | ||
| 100 | 1 | 0 |
_aPérouse de Montclos, Marc-Antoine _eauthor |
| 245 | 0 | 0 | _aDe l'impartialité des humanitaires et de leur perception par les bénéficiaires : les enjeux politiques de l'aide internationale au Burundi |
| 260 | _c2006. | ||
| 500 | _a3 | ||
| 520 | _aÀ partir d’une enquête de satisfaction menée en août2005 au Burundi dans les camps de déplacés de Muyange et Nyabigina près de la frontière tanzanienne, cet article s’interroge sur la perception des humanitaires par les bénéficiaires de l’aide internationale. Il questionne notamment l’impartialité et le mode d’évaluation d’opérateurs qui sont juges et parties de la qualité de leurs prestations. Dans les pays en crise, l’aide internationale s’insère en effet dans des contextes économiques et politiques tendus. Parce que sa redistribution permet de constituer des clientèles et des réseaux de pouvoir, elle représente un véritable enjeu stratégique pour les autorités, tant au niveau national que local. Au Burundi, les bénéficiaires de l’aide ne sont d’ailleurs pas dupes de la neutralité des ONG. Dans un environnement très corrompu, ils soulignent notamment que le détournement et la captation des intrants humanitaires par les notables locaux revient à conforter les inégalités sociales. | ||
| 520 | _aOn the impartiality of humanitarian aid operators and their beneficiaries’ perception of them : the political issues behind international aid in Burundi This article takes as starting point a satisfaction survey conducted in Burundi in 2005 in the displaced persons camps of Muyange and Nyabigina near the Tanzanian border, to examine the perception beneficiaries of international aid have of humanitarian operators. It looks at the impartiality and mode of assessment of operators who are both judge and judged regarding the quality of their services. In countries in deep crisis, international aid intervenes in situations fraught with economic and political tensions. Redistribution of this aid represents a considerable strategic issue for the authorities, offering an opportunity to build up clienteles and power networks, both at national and local levels. However, in Burundi, the beneficiaries of aid are not taken in by the neutrality of the NGOs. In a context where corruption is rife, they emphasize that the embezzlement and misappropriation of incoming humanitarian resources by local notables in fact reinforces social inequalities. | ||
| 690 | _aaide humanitaire | ||
| 690 | _aBurundi | ||
| 690 | _acorruption | ||
| 690 | _adéplacés internes | ||
| 690 | _aenquête de satisfaction | ||
| 690 | _aévaluation | ||
| 690 | _aMigrations forcées | ||
| 690 | _aorganisations non-gouvernementales | ||
| 690 | _aréfugiés | ||
| 690 | _aassessment | ||
| 690 | _aBurundi | ||
| 690 | _acorruption | ||
| 690 | _adisplaced persons | ||
| 690 | _aForced migration | ||
| 690 | _ahumanitarian aid | ||
| 690 | _anon-governmental organizations | ||
| 690 | _arefugees | ||
| 690 | _asatisfaction survey | ||
| 786 | 0 | _nAutrepart | 39 | 3 | 2006-09-01 | p. 39-57 | 1278-3986 | |
| 856 | 4 | 1 | _uhttps://shs.cairn.info/revue-autrepart-2006-3-page-39?lang=fr&redirect-ssocas=7080 |
| 999 |
_c2082813 _d2082813 |
||